000 01493cam a2200421 4500
003 PE-LiUPU
005 20250731172911.0
008 230828b |||||||| |||| 00| 0 spa d
020 _a8485108353
040 _aPE-LiUPU
_bspa
_cPE-LiUPU
_dPE-LiUPU
_erda
082 0 4 _a253
_bW724i
_223
100 _aWilliams, John,
_eautor
_92371
245 1 0 _aIglesias vivientes; la base de su vida y pastoreo :
_buna reflexión /
_cJohn Williams; traducido por Santos García Rituerto.
264 1 _aMadrid :
_bEditorial Literatura Bíblica,
_c1975
300 _a171 páginas ;
_c18 centímetros.
504 _aIncluye bibliografía
505 0 _aEstructuras vivas en las iglesias: Doctrinas básicas -- El modelo del Nuevo Testamento -- La asamblea en el terreno práctico -- Obra misionera: Establecimiento de iglesias -- El liderato de las iglesias: Los ancianos en el Nuevo Testamento --
526 _aSEG42
526 _aSEG41
526 _aSEG40
526 _aSEG39
526 _aP94
526 _aP87
526 _aP86
526 _aP85
526 _aP77
526 _aP76
526 _aP35
650 0 _aIglesia
_92246
650 0 _aIglesia
_xMinistros locales
_92247
700 _aRituerto, Santos García
_cTraductor
_92248
_etraductor
910 _aaj-kc
942 _2ddc
_cBK
_n0
949 _a253
_i18579
_lCCODEBUL1
_mBUL
_tLIBRO
_o.STAFF. Circulación
980 _81
_gALBERTO SANCHEZ Responsable de Automatización
999 _c16402
_d16402